000 00633nam a22002417a 4500
003 UA-OsUOA
001 42389
007 ta
008 20061103b un ||||| |||| 00| 0 ukr d
100 _aДзюба І.
090 _a82.09()77)
_bД43
942 _cBK
040 _aUA-OsUOA
_bukr
_cUA-OsUOA
_dUA-OsUOA
245 _aШевченкофобія в сучасній Україні
300 _a60 с.
955 _a2
041 _aukr
080 _a82.09()77)
020 _a966-518-379-6
260 _aК.
_bКМА
_c2006
650 7 _a82 Література. Літературознавство
_2UDC
999 _c328525
_d328525